| 000 | 00549nam a2200181Ia 4500 | ||
|---|---|---|---|
| 003 | GCL | ||
| 008 | 140319s9999 xx 000 0 ara d | ||
| 040 |
_aGCL / _cGCL |
||
| 082 | 0 | 4 |
_a415.1 _bف ش |
| 100 | 1 | _aالفاكهى,احمد بن عبدالله | |
| 245 | 1 | 0 |
_aشرح كتاب الحدود فى النحو / _cالفاكهى,احمد بن عبدالله |
| 700 | 1 | _aالمتولى رمضان احمد الدميرى | |
| 300 | _a342 ص | ||
| 490 | _a | ||
| 650 | 0 | 4 | _aالنحو |
| 650 | 0 | 4 | _aاللغة العربية |
| 942 |
_2ddc _cBK |
||
| 999 |
_c37555 _d37555 |
||